000 01079nam a22002297a 4500
999 _c57568
_d57568
003 Ge_BSU
005 20200803123829.0
008 200803s2012 ge ||||| |||| 00| 0 geo d
020 _a9789941106941
041 _ageo
080 _a343.61 შ-19
100 _aშალიკაშვილი, მორის
_96791
245 _aძალადობის კრიმინოლოგია = Kriminologie der Gewalt /
_cმორის შალიკაშვილი ; რედ. ალექსანდრე გიორგიძე.
264 _aთბ. :
_bმერიდიანი,
_c2012.
300 _a232 გვ. :
_b20 სმ. ; ცხრ.
500 _aთავფურ. ქართ. და გერმ. რეზ. გერმ
504 _aბიბლიოგრ. ტექსტ. შენიშვნ. და გვ. 207-222.
653 _aძალადობა
653 _aსამართალი
700 _aგიორგიძე, ალექსანდრე
_eრედაქტორი
_99097
942 _2udc
_cBK